Журнал неврологии и психиатрии имени С.С. Корсакова. Т. 125, № 11, вып. 2: Экстрапирамидные расстройства (к Международному дню двигательных нарушений и 200-летию со дня рождения Ж. М. Шарко) (Запись № 13541365)

Подробности
000 -МАРКЕР
контрольное поле 01339nam2a2200229 4500
001 - ИДЕНТИФИКАТОР ЗАПИСИ
контрольное поле RU\NLR\BIBL_A\022711049
005 - ИДЕНТИФИКАТОР ВЕРСИИ
контрольное поле 20260201142547.0
035 ## - ДРУГИЕ СИСТЕМНЫЕ НОМЕРА
Идентификатор записи (NLR Aleph) 022711049
100 ## - ДАННЫЕ ОБЩЕЙ ОБРАБОТКИ
Данные общей обработки 20260129d2025 u y0rusy50 ca
101 0# - ЯЗЫК РЕСУРСА
Язык текста, звукозаписи и т.д. русский
102 ## - СТРАНА ПУБЛИКАЦИИ ИЛИ ПРОИЗВОДСТВА
Страна публикации Российская Федерация
200 1# - ЗАГЛАВИЕ И СВЕДЕНИЯ ОБ ОТВЕТСТВЕННОСТИ
Основное заглавие Экстрапирамидные расстройства (к Международному дню двигательных нарушений и 200-летию со дня рождения Ж. М. Шарко)
210 ## - ПУБЛИКАЦИЯ, РАСПРОСТРАНЕНИЕ И ДР.
Дата издания, распространения и т.д. 2025
461 #0 - УРОВЕНЬ НАБОРА
Встроенное поле 001RU\NLR\INFOCOMM10\1000194623
-- 2001#$aЖурнал неврологии и психиатрии имени С.С. Корсакова$eНауч.-практ. журн.$fНауч. о-во неврологов. Науч. о-во психиатров$vТ. 125, № 11, вып. 2
Системный номер (АБИС) связанной записи 3035583
Место публикации М.
Дата публикации 1901 -
Первые сведения об ответственности Науч. о-во неврологов. Науч. о-во психиатров
Имя издателя, распространителя и т.д. Медицина
Сведения, относящиеся к заглавию Науч.-практ. журн.
Заглавие Журнал неврологии и психиатрии имени С.С. Корсакова
Номер тома Т. 125, № 11, вып. 2
606 1# - НАИМЕНОВАНИЕ ТЕМЫ КАК ПРЕДМЕТ
Наименование темы Экстрапирамидные расстройства
Формальный подзаголовок Сборники
Системный номер авторитетной/нормативной записи 2266566
Идентификатор авторитетной/нормативной записи RU\NLR\AUTH\661358687
686 1# - ИНДЕКСЫ ДРУГИХ КЛАССИФИКАЦИЙ
Индекс Р627я43
852 ## - МЕСТОНАХОЖДЕНИЕ И ШИФР ХРАНЕНИЯ
Идентификатор организации NLR
Шифр хранения (Call Number) П16/7
942 ## - ДОПОЛНИТЕЛЬНЫЕ ЭЛЕМЕНТЫ ЗАПИСИ (АБИС)
Тип экземпляра АБИС Выпуск
980 ## - КОЛЛЕКЦИЯ
Название коллекции Русская периодика
980 ## - КОЛЛЕКЦИЯ
Название коллекции Национальная библиография

Нет доступных экземпляров.